[Event "62nd ch-IND 2025"]
[Site "Guntur IND"]
[Date "2025.09.22"]
[Round "2.22"]
[White "Aaditya, Dhingra"]
[Black "Kolla Bhaavan"]
[Result "1-0"]
[WhiteTitle "IM"]
[WhiteElo "2391"]
[BlackElo "2008"]
[WhiteFideId "25678191"]
[BlackFideId "25106821"]
[EventDate "2025.09.21"]

1. Nf3 d5 2. g3 c5 3. Bg2 g6 4. O-O Bg7 5. c4 dxc4 6. Na3 Nc6 7. Nxc4 e5 8. Qa4
Qd7 9. Nb6 axb6 10. Qxa8 Nge7 11. Qa4 Ng8 12. Qa8 Nge7 13. Qa4 O-O 14. d3 Qc7
15. Bd2 Be6 16. Rfd1 Rd8 17. Qc2 h6 18. Rac1 Qd7 19. Be1 g5 20. Bc3 b5 21. b3
Nd5 22. Bb2 b6 23. e3 Ra8 24. Qb1 Bg4 25. Qc2 Be6 26. Qb1 Bg4 27. Rd2 Rd8 28.
Ne1 b4 29. Qc2 Nce7 30. Nf3 Nc3 31. e4 Bxf3 32. Bxf3 Nb5 33. Qc4 Nd6 34. Qc2 Nb5
35. Qc4 Nd6 36. Qc2 Nb5 37. Qd1 Nc6 38. Bg4 Qd6 39. Bf5 Ncd4 40. Bg4 Nc6 41. Bf5
Ncd4 42. Qg4 Ra8 43. Bxd4 Nxd4 44. Kh1 Kh8 45. Kg2 Kg8 46. Rh1 Qf6 47. h4 gxh4
48. Rxh4 Qg5 49. f4 Qxg4 50. Bxg4 Re8 51. Rf2 f6 52. Rh5 Re7 53. fxe5 fxe5 54.
Rh1 Ra7 55. Rhf1 Nb5 56. Be6+ Kh8 57. g4 Re7 58. Bc4 Nd6 59. Bd5 Kh7 60. Bf7
Nxf7 61. Rxf7 Re6 62. Rd7 Kg8 63. Rff7 Bf8 64. Rb7 Rd6 65. Rf3 Bg7 66. Rff7 Bf8
67. Rfd7 Rf6 68. Rd8 Rg6 69. Kh3 Rf6 70. Kh4 Re6 71. Kh5 Rc6 72. Rbb8 Rf6 73.
Rxf8+ Rxf8 74. Rxf8+ Kxf8 75. Kxh6 Kf7 76. g5 b5 77. Kh7 1-0

[Event "62nd ch-IND 2025"]
[Site "Guntur IND"]
[Date "2025.09.22"]
[Round "2.23"]
[White "Srihari, L"]
[Black "Sharma Sai"]
[Result "1-0"]
[WhiteTitle "IM"]
[WhiteElo "2373"]
[BlackElo "2004"]
[WhiteFideId "46642056"]
[BlackFideId "25179039"]
[EventDate "2025.09.21"]

1. e4 c5 2. Nf3 d6 3. d4 cxd4 4. Nxd4 Nf6 5. Nc3 Nc6 6. Bg5 e6 7. Qd2 a6 8.
O-O-O Bd7 9. Kb1 Nxd4 10. Qxd4 Be7 11. f3 Qc7 12. g4 b5 13. Be3 O-O 14. g5 Nh5
15. f4 Rfc8 16. Qd2 Rf8 17. Qd4 Rfc8 18. Qd2 b4 19. Ne2 a5 20. Ng3 g6 21. Nxh5
gxh5 22. Bd3 a4 23. f5 b3 24. cxb3 axb3 25. a3 Qb7 26. g6 Bf6 27. gxf7+ Kh8 28.
Bg5 Be5 29. Qf4 h6 30. Bf6+ Kh7 31. Bxe5 dxe5 32. Qg3 Bc6 33. Qg6+ 1-0

[Event "62nd ch-IND 2025"]
[Site "Guntur IND"]
[Date "2025.09.22"]
[Round "2.24"]
[White "Ramanuj Mishra"]
[Black "Ritviz, Parab"]
[Result "0-1"]
[BlackTitle "IM"]
[WhiteElo "2006"]
[BlackElo "2372"]
[WhiteFideId "33308179"]
[BlackFideId "5073367"]
[EventDate "2025.09.21"]

1. d4 Nf6 2. c4 e6 3. Nf3 d5 4. e3 Nbd7 5. Nbd2 c6 6. Be2 Bd6 7. O-O O-O 8. b3
e5 9. dxe5 Nxe5 10. Bb2 Qe7 11. cxd5 Nxd5 12. Nc4 Nxc4 13. Bxc4 Nf6 14. e4 Bc5
15. Qc2 Bg4 16. Ng5 Nd7 17. h4 h6 18. Qc3 Nf6 19. Nxf7 Rxf7 20. Bxf7+ Kxf7 21.
e5 Nd5 22. Qg3 Be6 23. Kh1 Kg8 24. Rae1 Rf8 25. f4 Rf5 26. Qh2 Rh5 27. g3 Ne3
28. Qe2 Rxh4+ 29. gxh4 Qxh4+ 30. Kg1 Qg3+ 0-1

[Event "62nd ch-IND 2025"]
[Site "Guntur IND"]
[Date "2025.09.22"]
[Round "2.25"]
[White "Neelotpal, Das"]
[Black "Gopal Krishna Maheshwari"]
[Result "1/2-1/2"]
[WhiteTitle "GM"]
[WhiteElo "2371"]
[BlackElo "1996"]
[WhiteFideId "5003512"]
[BlackFideId "25174738"]
[EventDate "2025.09.21"]

1. d4 d5 2. c4 e6 3. Nc3 Be7 4. Nf3 Nf6 5. Bf4 O-O 6. e3 b6 7. a3 Bb7 8. cxd5
Nxd5 9. Nxd5 Bxd5 10. Qc2 c5 11. dxc5 bxc5 12. e4 Bb7 13. Rd1 Qa5+ 14. Bd2 Qb6
15. Ne5 Rd8 16. Nf3 Rf8 17. Ne5 Rd8 18. Be2 Nc6 19. Nxc6 Qxc6 20. f3 Ba6 21. Bc3
Rxd1+ 22. Qxd1 Rd8 23. Qc2 Bxe2 24. Kxe2 Qb5+ 25. Kf2 Qd7 26. Ba5 Qd4+ 27. Ke2
Rd7 28. Rd1 Qxd1+ 29. Qxd1 Rxd1 30. Kxd1 Bd6 31. h3 Kf8 32. Kc2 Ke7 33. Kd3 Kd7
34. Bc3 Ke7 35. Ba5 Kd7 36. Bc3 e5 37. Kc4 Kc6 38. f4 f6 39. f5 a6 40. g4 h6 41.
b3 Bf8 42. Bd2 Bd6 43. Be3 Bf8 44. Bd2 Bd6 45. Ba5 Bf8 46. a4 Be7 47. h4 Bf8 48.
Bd2 Be7 49. Be3 Bf8 1/2-1/2

[Event "62nd ch-IND 2025"]
[Site "Guntur IND"]
[Date "2025.09.22"]
[Round "2.26"]
[White "Rupam, Mukherjee"]
[Black "Manish Anto, Cristiano F"]
[Result "0-1"]
[BlackTitle "IM"]
[WhiteElo "2005"]
[BlackElo "2368"]
[WhiteFideId "45065896"]
[BlackFideId "25095927"]
[EventDate "2025.09.21"]

1. Nf3 d5 2. g3 Nf6 3. Bg2 b6 4. O-O Bb7 5. c4 e6 6. cxd5 Nxd5 7. Nc3 Nd7 8. d3
Be7 9. Bd2 O-O 10. Nxd5 Bxd5 11. Bc3 c5 12. a4 Rc8 13. Nd2 Nf6 14. Nc4 Qc7 15.
Qb3 Rfd8 16. Rfd1 Bxg2 17. Kxg2 Qc6+ 18. Kg1 Nd7 19. Qb5 Qb7 20. Qb3 a6 21. Ne5
Nxe5 22. Bxe5 Rd5 23. Bc3 Rcd8 24. Qc2 Qd7 25. Rdb1 Rh5 26. e4 e5 27. Rd1 Qg4
28. Rf1 Qh3 29. f3 Rxd3 30. g4 Rh6 31. Qg2 Qxg2+ 32. Kxg2 Re6 33. Rad1 Rxd1 34.
Rxd1 Rd6 35. Rd5 f6 36. b3 Rxd5 37. exd5 Bd6 38. Kf2 g6 39. f4 Kf7 40. f5 g5 41.
h3 Ke7 42. Ke3 Kd7 43. Ke4 b5 44. axb5 axb5 45. Be1 Bc7 46. h4 h6 47. h5 c4 48.
bxc4 bxc4 49. Bb4 Bd6 50. Bc3 Ba3 51. Ke3 Kd6 52. Ke4 Kc5 53. Ba5 Bb2 0-1

[Event "62nd ch-IND 2025"]
[Site "Guntur IND"]
[Date "2025.09.22"]
[Round "2.27"]
[White "Andalamala Hemal Varshan"]
[Black "Viani, Antonio Dcunha"]
[Result "1/2-1/2"]
[BlackTitle "IM"]
[WhiteElo "1998"]
[BlackElo "2355"]
[WhiteFideId "33315957"]
[BlackFideId "5027330"]
[EventDate "2025.09.21"]

1. e4 c5 2. Nf3 Nc6 3. Bb5 g6 4. O-O Bg7 5. Re1 e5 6. d3 Nge7 7. Bg5 d6 8. Nc3
a6 9. Bc4 b5 10. Bd5 f6 11. Bd2 Rb8 12. a3 Nd4 13. h3 b4 14. axb4 Nxf3+ 15. Qxf3
cxb4 16. Ne2 Nxd5 17. exd5 O-O 18. c4 bxc3 19. bxc3 Rb2 20. Bc1 Rb3 21. Ba3 Qb6
22. Qe3 Qb7 23. Bxd6 Rd8 24. Bb4 Qxd5 25. d4 Bb7 26. Qg3 exd4 27. Rad1 f5 28.
Nf4 Qb5 29. Ne6 Rc8 30. Nxg7 dxc3 31. Nh5 Qc6 32. Rd6 Qxg2+ 33. Qxg2 Bxg2 34.
Nf6+ Kf7 35. Rb6 Be4 36. Nxe4 fxe4 37. Bc5 Rxb6 38. Bxb6 c2 1/2-1/2

[Event "62nd ch-IND 2025"]
[Site "Guntur IND"]
[Date "2025.09.22"]
[Round "2.28"]
[White "Aryan Behera"]
[Black "Subhayan, Kundu"]
[Result "1/2-1/2"]
[BlackTitle "IM"]
[WhiteElo "1993"]
[BlackElo "2352"]
[WhiteFideId "25149652"]
[BlackFideId "5094801"]
[EventDate "2025.09.21"]

1. e4 e6 2. d4 d5 3. Nc3 Nf6 4. Bg5 dxe4 5. Nxe4 Be7 6. Bxf6 gxf6 7. Nf3 a6 8.
Bd3 f5 9. Ng3 h5 10. h4 c5 11. dxc5 Qa5+ 12. c3 Qxc5 13. Qe2 Nc6 14. O-O-O Bd7
15. Ng5 Ne5 16. Rhe1 Nxd3+ 17. Qxd3 Bxg5+ 18. hxg5 O-O-O 19. Qd4 Qxd4 20. Rxd4
h4 21. Ne2 Rdg8 22. f4 f6 23. gxf6 Rxg2 24. Rd2 Rg6 25. Red1 Rh7 26. Nd4 Rxf6
27. Nf3 Bc6 28. Ng5 Rh8 29. Re1 Rhh6 30. Re3 Kc7 31. Rh2 Rfg6 32. b3 Be8 33. Kd2
Kd6 34. c4 Rh5 35. Kc3 Rgxg5 36. fxg5 e5 37. Reh3 Rxg5 38. Rxh4 Rg3+ 39. Kb4 e4
40. Rh7 Bc6 41. R2h6+ Ke5 42. Kc5 Kf4 43. Re7 Ke3 44. b4 f4 45. Rh5 Ba4 46. Rh1
Bc2 47. Kb6 f3 48. Kxb7 f2 49. Rf7 Rf3 50. Re7 Rg3 51. Rf7 Ke2 52. Rc1 Rc3 53.
c5 e3 54. c6 Kd2 55. Rf1 Ke2 56. Rc1 Rc4 57. Kb6 Bg6 58. Rxc4 Bxf7 59. c7 Bxc4
60. c8=Q Bd3 61. Qg4+ Kd2 62. Qg2 Be2 63. Qd5+ Bd3 64. Qg2 Kc3 65. Qf3 Kd2 66.
Qg2 Be4 67. Qh2 Bf3 68. a4 Kd1 69. Qf4 e2 70. Qd4+ Ke1 71. Qa1+ Kd2 1/2-1/2

[Event "62nd ch-IND 2025"]
[Site "Guntur IND"]
[Date "2025.09.22"]
[Round "2.29"]
[White "Nayak, Rajesh"]
[Black "Sparsh, Khandelwal"]
[Result "1-0"]
[WhiteTitle "FM"]
[WhiteElo "2352"]
[BlackElo "1986"]
[WhiteFideId "35017152"]
[BlackFideId "35064312"]
[EventDate "2025.09.21"]

1. e4 c5 2. Nf3 g6 3. c3 d5 4. e5 d4 5. Bb5+ Bd7 6. Bxd7+ Qxd7 7. d3 Bg7 8. O-O
dxc3 9. bxc3 Nc6 10. Re1 O-O-O 11. d4 Nh6 12. Bf4 Nf5 13. g4 Bh6 14. e6 Qd5 15.
g5 Bg7 16. Nbd2 fxe6 17. Nb3 b6 18. Qe2 c4 19. Nbd2 Rhf8 20. Qxe6+ Qxe6 21. Rxe6
Kb7 22. Re4 Nd6 23. Bxd6 Rxd6 24. Rae1 Kc7 25. Kg2 b5 26. a4 a6 27. Rh4 Bh8 28.
Ne4 Rd5 29. axb5 axb5 30. Rxh7 Kb6 31. Nh4 1-0

[Event "62nd ch-IND 2025"]
[Site "Guntur IND"]
[Date "2025.09.22"]
[Round "2.30"]
[White "Sree Shaunak Chanda"]
[Black "Priansh, Das"]
[Result "1/2-1/2"]
[BlackTitle "FM"]
[WhiteElo "1984"]
[BlackElo "2339"]
[WhiteFideId "33326150"]
[BlackFideId "45029946"]
[EventDate "2025.09.21"]

1. d4 Nf6 2. c4 g6 3. Nc3 Bg7 4. e4 d6 5. Be2 O-O 6. Nf3 e5 7. O-O Na6 8. dxe5
dxe5 9. h3 c6 10. Be3 Qe7 11. a3 Nc5 12. Qc2 Nh5 13. b4 Ne6 14. Rfd1 Nhf4 15.
Bf1 Qf6 16. Bxf4 Nxf4 17. Ne1 Be6 18. Ne2 g5 19. Rd6 Rfd8 20. Rxd8+ Rxd8 21. Rd1
h5 22. Nd3 b6 23. Ndxf4 gxf4 24. Rd3 h4 25. Nc1 a5 26. bxa5 bxa5 27. Nb3 Bf8 28.
Nxa5 Ra8 29. Nxc6 Rc8 30. Qa4 Qg6 31. Nxe5 Qxe4 32. Nf3 Rxc4 33. Qe8 Rc8 34. Rd8
Rxd8 35. Qxd8 1/2-1/2

[Event "62nd ch-IND 2025"]
[Site "Guntur IND"]
[Date "2025.09.22"]
[Round "2.31"]
[White "Kandi Santosh Sai Karthik"]
[Black "Nitin, S."]
[Result "0-1"]
[BlackTitle "IM"]
[WhiteElo "1983"]
[BlackElo "2316"]
[WhiteFideId "33400636"]
[BlackFideId "5018277"]
[EventDate "2025.09.21"]

1. e4 g6 2. d4 Bg7 3. Nf3 d6 4. c3 Nf6 5. Bd3 O-O 6. h3 Nbd7 7. O-O e5 8. Re1
Nh5 9. Be3 h6 10. Bf1 Kh7 11. Nbd2 Qe8 12. Nc4 Nb6 13. Na5 Qe7 14. b4 exd4 15.
Bxd4 Nd7 16. Bxg7 Nxg7 17. Qd2 Qf6 18. Qd5 Qxc3 19. Rec1 Qf6 20. Nxb7 Rb8 21.
Ba6 Nb6 22. Qc6 Ne6 23. b5 Bxb7 24. Bxb7 Nd8 25. e5 Qe7 26. Qxc7 Rxb7 27. Qxe7
Rxe7 28. exd6 Rd7 29. a4 Rxd6 30. Rc7 Rd7 31. Rac1 Ne6 32. Rxd7 Nxd7 33. Rc6
Ndc5 34. Ne5 Kg7 35. Nc4 Nxa4 36. Ra6 Nc3 37. Nd6 Rd8 38. Rc6 Nd4 39. Ra6 Ncxb5
40. Nxb5 Nxb5 41. Ra5 Rb8 0-1

[Event "62nd ch-IND 2025"]
[Site "Guntur IND"]
[Date "2025.09.22"]
[Round "2.32"]
[White "Swarna Nihal"]
[Black "Agnivo Chakraborty"]
[Result "1-0"]
[WhiteTitle "FM"]
[WhiteElo "2305"]
[BlackElo "1983"]
[WhiteFideId "25683640"]
[BlackFideId "25943570"]
[EventDate "2025.09.21"]

1. d4 Nf6 2. c4 e6 3. Nf3 c5 4. d5 exd5 5. cxd5 Bd6 6. Nc3 Bc7 7. g3 d6 8. Bg2
O-O 9. O-O Re8 10. Re1 a6 11. a4 Nbd7 12. Bf4 Nf8 13. e4 Ng6 14. Bg5 h6 15. Bd2
Bd7 16. Qb1 Ba5 17. b3 Qc8 18. Ne2 Bxd2 19. Nxd2 Bh3 20. f3 Bxg2 21. Kxg2 b5 22.
Nc3 Qd7 23. Qd3 Nh5 24. Qf1 Qd8 25. axb5 Qg5 26. Nc4 Nh4+ 27. Kh1 axb5 28. Nxd6
Nxg3+ 29. hxg3 Qxg3 30. Nxe8 Rxa1 31. Rxa1 Nxf3 32. Nf6+ Kf8 33. Ra8+ Ke7 34.
Ng8+ Kd6 35. e5+ Kxe5 36. Re8+ Kf5 37. Nxh6+ gxh6 38. Qd3+ Kg4 39. Rg8+ 1-0

[Event "62nd ch-IND 2025"]
[Site "Guntur IND"]
[Date "2025.09.22"]
[Round "2.33"]
[White "Shivamshika G"]
[Black "Utsab, Chatterjee"]
[Result "1-0"]
[BlackTitle "IM"]
[WhiteElo "1981"]
[BlackElo "2299"]
[WhiteFideId "33384959"]
[BlackFideId "46609148"]
[EventDate "2025.09.21"]

1. d4 Nf6 2. c4 e6 3. Nc3 Bb4 4. f3 c5 5. d5 b5 6. e4 d6 7. Bd2 Bxc3 8. Bxc3 b4
9. Bd2 O-O 10. Ne2 exd5 11. cxd5 Nh5 12. Qc1 f5 13. exf5 Rxf5 14. g4 Qh4+ 15.
Kd1 Rxf3 16. gxh5 Bg4 17. Qc4 Nd7 18. h3 Ne5 19. Qe4 Nd3 20. hxg4 Qxh1 21. Kc2
Ne5 22. Ng3 Qh2 23. Nf5 Rf2 24. Rd1 Rf8 25. Bd3 Rf6 26. Ne7+ Kf8 27. Nc6 R6f4
28. Qxh7 c4 29. Qh8+ Kf7 30. Nxe5+ dxe5 31. Bg6+ Ke7 32. Qe8+ Kd6 33. Qc6+ Ke7
34. Qc7+ 1-0

[Event "62nd ch-IND 2025"]
[Site "Guntur IND"]
[Date "2025.09.22"]
[Round "2.34"]
[White "Vignesh, B"]
[Black "Mann Akbari"]
[Result "1/2-1/2"]
[WhiteElo "2288"]
[BlackElo "1982"]
[WhiteFideId "35051555"]
[BlackFideId "33420769"]
[EventDate "2025.09.21"]

1. e4 c5 2. Nf3 d6 3. g3 Nc6 4. Bg2 Nf6 5. Qe2 e5 6. O-O g6 7. d3 Bg7 8. Bg5 O-O
9. Nc3 h6 10. Bxf6 Bxf6 11. Nd5 Bg7 12. c3 Ne7 13. Nxe7+ Qxe7 14. Nd2 Be6 15. f4
exf4 16. gxf4 Qd7 17. h4 Bg4 18. Bf3 f5 19. Bxg4 fxg4 20. Nc4 h5 21. Ne3 Rae8
22. Nd5 Qd8 23. Qh2 c4 24. dxc4 Rxe4 25. Rae1 Rfe8 26. Rxe4 Rxe4 27. Qc2 Qe8 28.
Qd3 Re2 29. f5 Qe5 30. Nf4 Re3 31. Qd5+ Qxd5 32. Nxd5 Rg3+ 1/2-1/2

[Event "62nd ch-IND 2025"]
[Site "Guntur IND"]
[Date "2025.09.22"]
[Round "2.35"]
[White "Shreyash, Shuvam Patnaik"]
[Black "Kshatriya, Nitin Vekhande"]
[Result "1/2-1/2"]
[BlackTitle "FM"]
[WhiteElo "1978"]
[BlackElo "2285"]
[WhiteFideId "35047272"]
[BlackFideId "45075530"]
[EventDate "2025.09.21"]

1. d4 d5 2. Bf4 c5 3. e3 Nc6 4. Nf3 Nf6 5. Nbd2 e6 6. c3 Bd6 7. Bg3 O-O 8. Bd3
Re8 9. Ne5 Ne7 10. Bh4 Nf5 11. Bg5 h6 12. Bf4 c4 13. Bc2 Ne7 14. g4 Bxe5 15.
dxe5 Nd7 16. h4 Nc6 17. Nf3 f6 18. exf6 Nxf6 19. Ne5 Nd7 20. Ng6 Nf8 21. Ne5 Nd7
22. Ng6 Nf8 23. Ne5 Nd7 24. Ng6 Nf8 25. Ne5 1/2-1/2

[Event "62nd ch-IND 2025"]
[Site "Guntur IND"]
[Date "2025.09.22"]
[Round "2.36"]
[White "Sharnarthi Viresh"]
[Black "Sahu, Sekhar Chandra"]
[Result "1/2-1/2"]
[BlackTitle "IM"]
[WhiteElo "2281"]
[BlackElo "1980"]
[WhiteFideId "25978055"]
[BlackFideId "5000157"]
[EventDate "2025.09.21"]

1. Nf3 c5 2. g3 Nc6 3. Bg2 g6 4. O-O Bg7 5. c3 e5 6. e4 Nge7 7. d3 d5 8. exd5
Nxd5 9. Nbd2 O-O 10. Re1 h6 11. a3 Rb8 12. Ne4 b6 13. c4 Nc7 14. Nc3 Re8 15. Be3
Nd4 16. Nd2 Nf5 17. Nf1 Bb7 18. Bxb7 Rxb7 19. b4 Ne6 20. bxc5 bxc5 21. Ne4 Nfd4
22. Bxd4 Qxd4 23. Ne3 f5 24. Nc2 Qd8 25. Nc3 e4 26. Nd5 Ng5 27. Kg2 Rf7 28. Rb1
h5 29. h4 Nf3 30. Re3 Bh6 31. Re2 g5 32. dxe4 fxe4 33. Nc3 Rd7 34. Nd5 Kh8 35.
hxg5 Qxg5 36. Rxe4 Rxe4 37. Qxf3 Re6 38. Rb8+ Kh7 39. Qd3+ Qg6 40. Nf6+ Rxf6 41.
Qxd7+ Rf7 42. Qe8 Bg7 43. Ne3 Bd4 44. f4 h4 45. g4 Rxf4 46. Qe7+ Qg7 47. Qxh4+
Qh6 48. Qe7+ Qg7 49. Qxg7+ Kxg7 50. Nf5+ Kf7 51. Ra8 Rxg4+ 52. Kf3 Rg1 53. Rxa7+
Ke6 54. Nxd4+ cxd4 55. Ke4 Rg4+ 56. Kd3 Kd6 57. Ra5 Kc6 58. a4 Rh4 59. Rd5 Rh1
60. Kxd4 Rd1+ 61. Ke4 Re1+ 62. Kd4 Rd1+ 63. Ke5 Re1+ 64. Kf5 Rc1 65. Rd8 Rxc4
66. Rc8+ Kd5 67. Ra8 Kc6 68. Ke5 Kb7 69. Ra5 Kb6 70. Ra8 Kb7 71. Ra5 Kb6 72.
Rb5+ Ka6 1/2-1/2

[Event "62nd ch-IND 2025"]
[Site "Guntur IND"]
[Date "2025.09.22"]
[Round "2.37"]
[White "Jagesia Daksh"]
[Black "Aditya, Varun Gampa"]
[Result "1/2-1/2"]
[BlackTitle "FM"]
[WhiteElo "1975"]
[BlackElo "2273"]
[WhiteFideId "25670956"]
[BlackFideId "45066183"]
[EventDate "2025.09.21"]

1. Nf3 d5 2. c4 d4 3. b4 f6 4. e3 e5 5. b5 c5 6. d3 Bd6 7. Bb2 Qc7 8. Nbd2 Ne7
9. g3 b6 10. Bg2 Bb7 11. a4 a5 12. Ne4 O-O 13. O-O Nd7 14. Nfd2 Rab8 15. Qe2 f5
16. Nxd6 Qxd6 17. exd4 Bxg2 18. Kxg2 exd4 19. Rae1 Ng6 20. f4 Rf6 21. Nf3 Ndf8
22. Bc1 Re6 23. Qf2 Nh8 24. Re5 Nf7 25. Rxe6 Nxe6 26. Re1 Re8 27. Ne5 Nfd8 28.
Nf3 Re7 29. Re5 g6 30. Qe1 Nf7 31. Re2 Kf8 32. Ne5 Nfd8 33. Nf3 Qd7 34. Kf2 Qb7
35. Re5 Ke8 36. Bd2 h6 37. h4 h5 1/2-1/2

[Event "62nd ch-IND 2025"]
[Site "Guntur IND"]
[Date "2025.09.22"]
[Round "2.38"]
[White "Alekhya, Mukhopadhyay"]
[Black "Kashthuri, Bhai R"]
[Result "1-0"]
[BlackTitle "WCM"]
[WhiteElo "2264"]
[BlackElo "1979"]
[WhiteFideId "25600826"]
[BlackFideId "25611607"]
[EventDate "2025.09.21"]

1. e4 c5 2. Nf3 Nc6 3. d4 cxd4 4. Nxd4 e5 5. Nb5 d6 6. N1c3 a6 7. Na3 Be7 8. Nc4
b5 9. Ne3 Nf6 10. Ned5 Nxd5 11. Nxd5 O-O 12. Be3 Rb8 13. Qd2 f5 14. exf5 Bxf5
15. Be2 Kh8 16. O-O Rc8 17. c4 bxc4 18. Bxc4 a5 19. Bb5 Be4 20. Bb6 Qe8 21. Nc3
Bf5 22. Bd3 Qg6 23. Bxf5 Qxf5 24. Rad1 Rf6 25. Nd5 Rg6 26. f4 exf4 27. Rxf4 Qh5
28. Rc1 Qg5 29. h4 Qe5 30. Re1 Qh5 31. Nxe7 Nxe7 32. Rxe7 Qb5 33. Bd4 Qh5 34.
Qc3 1-0

[Event "62nd ch-IND 2025"]
[Site "Guntur IND"]
[Date "2025.09.22"]
[Round "2.39"]
[White "Vyom Malhotra"]
[Black "Harshit, Ranjan Sahu"]
[Result "0-1"]
[WhiteTitle "CM"]
[BlackTitle "CM"]
[WhiteElo "1974"]
[BlackElo "2258"]
[WhiteFideId "33383561"]
[BlackFideId "25638815"]
[EventDate "2025.09.21"]

1. e4 c5 2. Nf3 d6 3. d4 cxd4 4. Nxd4 Nf6 5. f3 e5 6. Nb3 d5 7. Bg5 Be6 8. Bxf6
gxf6 9. exd5 Bxd5 10. c4 Bb4+ 11. Nc3 Bxc3+ 12. bxc3 Be6 13. Qxd8+ Kxd8 14. Bd3
Nd7 15. Rd1 Rc8 16. c5 Ke7 17. Rb1 Rc7 18. O-O Rb8 19. c6 Rxc6 20. Rfc1 b6 21.
g4 h6 22. Rb2 Rbc8 23. Rbc2 Nc5 24. Nxc5 Rxc5 25. c4 b5 26. cxb5 Rxc2 27. Rxc2
Rxc2 28. Bxc2 Bxa2 29. Bd3 Kd6 30. Kf2 Kc5 31. Kg3 Bc4 32. Bb1 Bxb5 33. f4 Kd4
34. h4 a5 35. Ba2 Bc4 36. Bb1 a4 37. h5 exf4+ 38. Kxf4 Be6 39. Bc2 a3 40. Bb1
Kc3 41. Ke3 Kb2 42. Bh7 a2 43. Bd3 a1=Q 44. Be2 Kc3 45. Bf3 Qe1+ 46. Be2 Bd5 47.
Kf4 Qf2+ 48. Bf3 Qxf3# 0-1

[Event "62nd ch-IND 2025"]
[Site "Guntur IND"]
[Date "2025.09.22"]
[Round "2.40"]
[White "Kumaresh, A"]
[Black "Rahul Ramakrishnan"]
[Result "1-0"]
[WhiteTitle "CM"]
[WhiteElo "2256"]
[BlackElo "1976"]
[WhiteFideId "45022259"]
[BlackFideId "25146270"]
[EventDate "2025.09.21"]

1. e4 e6 2. d4 d5 3. Nc3 Nf6 4. e5 Nfd7 5. Nce2 c5 6. c3 Nc6 7. f4 Be7 8. Nf3
O-O 9. Ng3 Qb6 10. Bd3 cxd4 11. cxd4 f6 12. a3 Kh8 13. Bb1 Qb5 14. h4 Nd8 15.
Bxh7 Kxh7 16. Ng5+ Kg8 17. f5 fxg5 18. hxg5 Rxf5 19. Nxf5 exf5 20. g6 Nf8 21.
Qh5 Nxg6 22. Qxg6 Qd3 23. Qe8+ Bf8 24. Qxd8 Qe4+ 25. Kf2 f4 26. Rh8+ Kxh8 27.
Qxf8+ Kh7 28. Qxf4 Qxf4+ 29. Bxf4 Be6 30. Bd2 Rc8 31. Bc3 Rf8+ 32. Kg3 Kg6 33.
Rh1 Rc8 34. Rf1 Kg5 35. Rf2 b6 36. Bd2+ Kg6 37. Bc3 Kg5 38. Rf1 Kg6 39. Rf3 Rc7
40. Rf8 Rc8 41. Rf3 Rc7 42. a4 Rc8 43. Kf2 Bd7 44. Rg3+ Kf7 45. b3 Be6 46. Ke1
a6 47. Kd2 Rh8 48. Bb4 Rc8 49. Rf3+ Kg6 50. Bf8 Kh7 51. Be7 Kg6 52. Bd6 Bf5 53.
Rc3 Kf7 54. Bc7 b5 55. axb5 axb5 56. Rc5 Ke6 57. Kc3 Kd7 58. Bd6 Rxc5+ 59. dxc5
Be6 60. b4 Bg8 61. Bf8 g6 62. Bh6 Be6 63. Be3 Bg8 64. Bd4 Ke6 65. Kd2 Kf5 66.
Ke3 Bf7 67. c6 Ke6 68. Kf4 Be8 69. Kg5 Kf7 70. c7 Bd7 71. Bg1 Be6 72. Kf4 Ke7
73. Bc5+ Ke8 74. Ba7 Ke7 75. Bb6 Ke8 76. Bc5 Bf5 77. e6 Bxe6 78. Ke5 Bc8 79. Kd6
Bb7 80. Be3 Bc8 81. g3 Bb7 82. Bc5 g5 83. Be3 g4 84. Bc5 Bc8 85. Kc6 Ba6 86. Kb6
Bc8 87. Kxb5 Kd7 88. Kb6 d4 89. Bxd4 Kd6 90. Be3 Kd5 91. Bf4 Ke6 92. Ka7 Kd5 1-0

[Event "62nd ch-IND 2025"]
[Site "Guntur IND"]
[Date "2025.09.22"]
[Round "2.41"]
[White "Badamundi, Tapan"]
[Black "Nandish V S"]
[Result "0-1"]
[BlackTitle "CM"]
[WhiteElo "1973"]
[BlackElo "2252"]
[WhiteFideId "46623574"]
[BlackFideId "45084297"]
[EventDate "2025.09.21"]

1. d4 Nf6 2. c4 e6 3. g3 d5 4. Bg2 Bb4+ 5. Nd2 O-O 6. Nf3 dxc4 7. O-O b5 8. a4
c6 9. Qc2 Bb7 10. b3 cxb3 11. Nxb3 Nbd7 12. Ne1 bxa4 13. Rxa4 a5 14. Nd3 Nd5 15.
Bd2 N7b6 16. Raa1 Bxd2 17. Qxd2 Nc4 18. Qe1 Qc7 19. Nbc5 Rfb8 20. Qc1 Nd6 21.
Rd1 Nb5 22. e3 Bc8 23. Rd2 Nb4 24. Nxb4 axb4 25. Rxa8 Rxa8 26. Qb2 e5 27. h3
exd4 28. exd4 h5 29. Qxb4 Ra1+ 30. Kh2 Nd6 31. Qc3 Re1 32. Qf3 h4 33. Qf4 hxg3+
34. fxg3 Qe7 35. Bxc6 Nf5 36. Bg2 g5 37. Qb8 Qe3 38. Qxc8+ Kg7 39. Ne6+ fxe6 40.
Qd7+ Kh6 0-1

[Event "62nd ch-IND 2025"]
[Site "Guntur IND"]
[Date "2025.09.22"]
[Round "2.42"]
[White "Yohan Yadav Tarala"]
[Black "Tarun V"]
[Result "1-0"]
[WhiteTitle "CM"]
[WhiteElo "2246"]
[BlackElo "1975"]
[WhiteFideId "33385300"]
[BlackFideId "45024839"]
[EventDate "2025.09.21"]

1. Nf3 c5 2. c4 Nc6 3. Nc3 e6 4. g3 d5 5. cxd5 exd5 6. d4 Nf6 7. Bg2 Be7 8. O-O
O-O 9. dxc5 Bxc5 10. Bg5 d4 11. Ne4 Be7 12. Nxf6+ Bxf6 13. Qd2 h6 14. Bxf6 Qxf6
15. Rfd1 Bg4 16. h3 Bxf3 17. Bxf3 Rad8 18. Rac1 Rfe8 19. Kg2 Re7 20. Qf4 Qxf4
21. gxf4 Rd6 22. Rc4 Rf6 23. Bxc6 bxc6 24. Kf3 Rfe6 25. Rd2 d3 26. e4 f5 27. e5
g5 28. Rxd3 gxf4 29. Rd2 Kg7 30. Kxf4 Rxe5 31. Rxc6 Re2 32. Rcd6 R2e4+ 33. Kf3
Rb4 34. b3 Rh4 35. Kg3 Rh5 36. Rd7 Kf7 37. Rxe7+ Kxe7 38. f4 1-0

[Event "62nd ch-IND 2025"]
[Site "Guntur IND"]
[Date "2025.09.22"]
[Round "2.43"]
[White "Dolas, Aarush"]
[Black "Sriansh Das"]
[Result "0-1"]
[WhiteTitle "CM"]
[BlackTitle "FM"]
[WhiteElo "1966"]
[BlackElo "2245"]
[WhiteFideId "66608538"]
[BlackFideId "45030081"]
[EventDate "2025.09.21"]

1. e4 e6 2. d4 d5 3. Nc3 Nf6 4. e5 Nfd7 5. f4 c5 6. Nf3 Nc6 7. Be3 a6 8. Qd2 b5
9. h4 Bb7 10. Be2 Qb6 11. O-O cxd4 12. Nxd4 Bc5 13. Rad1 O-O 14. a3 Rac8 15. Bg4
Nxd4 16. Bxd4 Bxd4+ 17. Qxd4 Qxd4+ 18. Rxd4 Nb6 19. Be2 f6 20. exf6 gxf6 21. a4
Rxc3 22. bxc3 Nxa4 23. Rd3 Rc8 24. Rg3+ Kf8 25. Bd3 Rc7 26. Re1 Bc8 27. Ree3 f5
28. Rg5 Nxc3 29. Reg3 a5 30. Rg8+ Ke7 31. R3g7+ Kd6 32. Rd8+ Kc6 33. Rxh7 a4 34.
h5 a3 35. Rxc8 Rxc8 36. Ra7 a2 37. Ra6+ Kc5 38. g4 Na4 0-1